000 01556cam a2200409 a 4500
001 2485605
003 OSt
005 20140310182216.0
008 910103s1991 nyua j 000 0 eng
010 _a 91004371
020 _a0679817808 :
_c$12.00 (U.S.)
020 _a0679917802 (lib. bdg.)
040 _aDLC
_cDLC
_dDLC
042 _alcac
050 0 0 _aTD 176
_b.W55 1991
082 0 0 _aHS 363.7
_bW65 1991
100 1 _aWilkes, Angela.
_917034
245 1 0 _aMy first green book /
_cAngela Wilkes.
250 _a1st American ed.
260 _aNew York :
_bKnopf,
_cc1991.
300 _a48 p. :
_bcol. ill. ;
_c34 cm.
650 0 _aPollution
_xJuvenile literature.
_917035
650 0 _aPollution
_xExperiments
_xJuvenile literature.
_917036
650 0 _aEnvironmental protection
_xJuvenile literature.
_917037
650 0 _aEnvironmental protection
_xExperiments
_xJuvenile literature.
_917038
650 0 _aGardening
_xJuvenile literature.
_917039
650 0 _aConservation of natural resources
_xJuvenile literature.
_917040
650 1 _aPollution
_xExperiments.
_917041
650 1 _aEnvironmental protection
_xExperiments.
_917042
650 1 _aConservation of natural resources
_xExperiments.
_917043
650 1 _aExperiments.
_92007
740 0 _aGreen book.
906 _a7
_bcbc
_corignew
_d1
_eocip
_f19
_gy-gencatlg
942 _2lcc
_cHS
999 _c10592
_d10592